00926nam a2200229 a 450000100100000000500170001000800410002702000150006804000250008308200170010810000420012524501830016726000850035030000210043549000150045650400540047165000400052565000210056565000350058671000580062183000170067900002508320260211085656.0110201s2001 mx a r 000 | spa d a9707020288 aDO-SdBNPbspacBNPHU a371.1bR934c1 aRuíz de la Peña, Adalberto Rangel14aLa configuración del discurso educativo en José Vasconcelos :buna propuesta educativa y un posible modelo de formación de maestros /cAdalberto Rangel Ruíz de la Peña. aMéxico, D. F. :bUniversidad Pedagógica Nacional,bFomento Editorial,c2001. a140 p. ;c22 cm.1 aTextosv26 aIncluye referencias bibliográficas : p. 135-140 4aFormación profesional de maestros 0aPersonal docente 0aSociología de la educación2 aDirección de Difusión y Extensión Universitaria 0aTextos ,v26